| 000 | 00000nas 2200000za 4500 |
| 001 | 9.502364 |
| 003 | CaOODSP |
| 005 | 20250403104728 |
| 007 | cr ||||||||||| |
| 008 | 150406d20102010oncux p o||||f0 b0fre|d |
| 022 | |a1920-9142 |
| 040 | |aCaOODSP|bfre |
| 043 | |an-cn--- |
| 086 | 1 |aCS91-551F-PDF |
| 222 | 0|aProjections de la diversité de la population canadienne |
| 245 | 00|aProjections de la diversité de la population canadienne |h[ressource électronique]. |
| 260 | |aOttawa : |bStatistique Canada, |c[2010-2010]. |
| 310 | |aIrrégulier |
| 362 | 1 |aParaît depuis : 2006 à 2031 ; ne paraît plus après : 2006 à 2031. |
| 500 | |aPubl. aussi en anglais sous le titre : Projections of the diversity of the Canadian population. |
| 692 | 07|2gccst|aPrévision |
| 692 | 07|2gccst|aDonnées du recensement |
| 692 | 07|2gccst|aRépartition de la population |
| 710 | 2 |aStatistique Canada. |
| 775 | 08|tProjections of the diversity of the Canadian population |w(CaOODSP)9.505962 |
| 986 | |aCS91-551-XIF|aCS91-551-XWF |